| 000 | 01628nam a2200313Ia 4500 | ||
|---|---|---|---|
| 999 |
_c53169 _d53169 |
||
| 001 | 20208 | ||
| 003 | GE_BSU | ||
| 005 | 20200613222138.0 | ||
| 008 | 181216s2014||||ge |||||||||||||| ||geo|| | ||
| 040 | _cGE_BSU | ||
| 041 | _ageo | ||
| 080 | _a27-523.4+75.046(479.22) მ-42 | ||
| 100 |
_aმაჩაბელი, კიტი. _98335 |
||
| 245 |
_aქართული ქრისტიანული ხელოვნების სათავეებთან / _cკიტი მაჩაბელი ; რედ. როინ მეტრეველი. |
||
| 264 |
_aთბილისი : _bგ.გ., _c2014 |
||
| 300 |
_a288 გვ. : _b ილ., ფოტ. ; _c24 სმ. |
||
| 500 | _aილუსტრაციების სია : გვ. 286-287 | ||
| 500 | _aშენიშვნები : გვ. 261-285 | ||
| 653 | _aრელიგია | ||
| 653 | _aარქიტექტურა | ||
| 653 | _aქართული ეკლესია-მონასტრების არქიტექტურა | ||
| 653 | _a ქართული ქვასვეტები | ||
| 653 | _a ქართული ორნამენტები | ||
| 653 | _a ქართული რელიეფები | ||
| 653 | _aქვაჯვარის რელიეფების იკონოგრაფია | ||
| 700 |
_aმეტრეველი, როინ _eრედაქტორი _98378 |
||
| 710 |
_aსაქართველოს მეცნიერებათა ეროვნული აკადემია _91136 |
||
| 942 |
_cBK _2udc |
||